<?xml version="1.0" encoding="UTF-8"?><?xml-stylesheet type="text/xsl" href="static/style.xsl"?><OAI-PMH xmlns="http://www.openarchives.org/OAI/2.0/" xmlns:xsi="http://www.w3.org/2001/XMLSchema-instance" xsi:schemaLocation="http://www.openarchives.org/OAI/2.0/ http://www.openarchives.org/OAI/2.0/OAI-PMH.xsd"><responseDate>2026-04-18T22:54:11Z</responseDate><request verb="GetRecord" identifier="oai:riubu.ubu.es:10259/4643" metadataPrefix="marc">https://riubu.ubu.es/oai/request</request><GetRecord><record><header><identifier>oai:riubu.ubu.es:10259/4643</identifier><datestamp>2024-04-19T07:30:15Z</datestamp><setSpec>com_10259_2699</setSpec><setSpec>col_10259_2705</setSpec></header><metadata><record xmlns="http://www.loc.gov/MARC21/slim" xmlns:doc="http://www.lyncode.com/xoai" xmlns:xsi="http://www.w3.org/2001/XMLSchema-instance" xmlns:dcterms="http://purl.org/dc/terms/" xsi:schemaLocation="http://www.loc.gov/MARC21/slim http://www.loc.gov/standards/marcxml/schema/MARC21slim.xsd">
<leader>00925njm 22002777a 4500</leader>
<datafield tag="042" ind1=" " ind2=" ">
<subfield code="a">dc</subfield>
</datafield>
<datafield tag="720" ind1=" " ind2=" ">
<subfield code="a">Cantalapiedra Nieto, Basilio</subfield>
<subfield code="e">author</subfield>
</datafield>
<datafield tag="260" ind1=" " ind2=" ">
<subfield code="c">2016</subfield>
</datafield>
<datafield tag="520" ind1=" " ind2=" ">
<subfield code="a">El presente trabajo tiene como objetivo analizar la manera en que los elementos espacio-temporales, presentes y ausentes, inciden en el audiovisual histórico, mediante el estudio de la elipsis y el fuera de campo.&#xd;
Ambos conceptos sufren un importante desarrollo con la llegada de nuevos sistemas que permiten la movilidad del usuario durante el visionado. Por ello, esta tesis estudia cómo un acceso al contenido audiovisual efectuado mediante los nuevos sistemas puede provocar un cambio en la manera de producirlos y realizarlos. &#xd;
Para ello se ha procedido al análisis del metraje realizado sobre Burgos en 1911 por Segundo de Chomón y al de trabajos posteriores que reflejan localizaciones similares, con el fin de observar las diversas maneras de afrontar la cuestión espacio-temporal.&#xd;
Los datos obtenidos han sido utilizados para generar una propuesta de representación audiovisual de la necrópolis rupestre de Cuyacabras y el eremitorio de Cueva Andrés.</subfield>
</datafield>
<datafield tag="024" ind2=" " ind1="8">
<subfield code="a">http://hdl.handle.net/10259/4643</subfield>
</datafield>
<datafield tag="024" ind2=" " ind1="8">
<subfield code="a">10.36443/10259/4643</subfield>
</datafield>
<datafield ind1=" " ind2=" " tag="653">
<subfield code="a">Audiovisual</subfield>
</datafield>
<datafield ind1=" " ind2=" " tag="653">
<subfield code="a">Cuyacabras</subfield>
</datafield>
<datafield ind1=" " ind2=" " tag="653">
<subfield code="a">Elipsis</subfield>
</datafield>
<datafield ind1=" " ind2=" " tag="653">
<subfield code="a">Fuera de campo</subfield>
</datafield>
<datafield ind1=" " ind2=" " tag="653">
<subfield code="a">Teléfono móvil</subfield>
</datafield>
<datafield ind1=" " ind2=" " tag="653">
<subfield code="a">Audiovisual</subfield>
</datafield>
<datafield ind1=" " ind2=" " tag="653">
<subfield code="a">Off-screen</subfield>
</datafield>
<datafield ind1=" " ind2=" " tag="653">
<subfield code="a">Smartphone</subfield>
</datafield>
<datafield tag="245" ind1="0" ind2="0">
<subfield code="a">Nuevos sistemas de acceso al audiovisual histórico en relación con los elementos espacio-temporales presentes y ausentes</subfield>
</datafield>
</record></metadata></record></GetRecord></OAI-PMH>